[Event "Taranto op 1st"]
[Site "Taranto"]
[Date "2002.09.01"]
[Round "7"]
[White "Ljubisavljevic, Zivojin Z"]
[Black "Lamola, Giuseppe"]
[Result "1-0"]
[WhiteElo "2275"]
[BlackElo "2049"]
[PlyCount "155"]
[EventDate "2002.08.29"]
[EventType "swiss"]
[EventRounds "7"]
[EventCountry "ITA"]
[SourceTitle "EXT 2007"]
[Source "ChessBase"]
[SourceDate "2006.11.23"]
[SourceVersion "1"]
[SourceVersionDate "2006.11.23"]
[SourceQuality "1"]

1. b3 d5 2. Bb2 Nc6 3. e3 a6 4. f4 Bf5 5. Nf3 e6 6. Be2 f6 7. 0-0 Bd6 8. Nh4 Nh6 9. c4 Bg6 10. cxd5 exd5 11. Nxg6 hxg6 12. Bf3 Ne7 13. Ba3 Nhf5 14. Bxd6 Qxd6 15. Nc3 0-0-0 16. Qc2 Kb8 17. Na4 g5 18. Qc5 gxf4 19. Qxd6 Rxd6 20. exf4 Nd4 21. Nc3 c6 22. Rae1 Rd7 23. Bg4 f5 24. Bd1 Ng6 25. Ne2 Ne6 26. Bc2 Ne7 27. Ng3 Nd4 28. Bd3 g6 29. Re3 Nc8 30. Ne2 Nxe2+ 31. Rxe2 Nd6 32. Re6 Rg8 33. Be2 Ne4 34. d3 Nc5 35. Re3 Rf7 36. Rc1 d4 37. Re5 Nd7 38. Re6 Nb6 39. Bf3 Rgg7 40. Rce1 Kc7 41. Re8 Nc8 42. Kf2 Nd6 43. R8e5 Nb5 44. h4 Rh7 45. Re6 Rxh4 46. Rxg6 Nc3 47. a4 Na2 48. Kg3 Rhh7 49. Rg5 Nb4 50. Re5 Nxd3 51. Rexf5 Rxf5 52. Rxf5 Rg7+ 53. Rg5 Rxg5+ 54. fxg5 Kd6 55. Be4 Nc5 56. Bc2 d3 57. Bd1 Ne4+ 58. Kf4 Nc3 59. Bh5 Ke7 60. Ke3 Nd5+ 61. Kd2 Nf4 62. Bg4 b5 63. a5 Kd8 64. Bf5 c5 65. g3 Nh5 66. Kxd3 Nxg3 67. Bg4 Nh1 68. Ke3 c4 69. bxc4 bxc4 70. Be6 c3 71. g6 c2 72. Kd2 Ng3 73. g7 Ne4+ 74. Kxc2 Nf6 75. Kb3 Kc7 76. Kc4 Kd6 77. g8Q Nxg8 78. Bxg8 1-0

[Event "Monza Weekend op"]
[Site "Monza"]
[Date "2001.03.18"]
[Round "3"]
[White "Mazzariol, Oscar"]
[Black "Lamola, Giuseppe"]
[Result "0-1"]
[WhiteElo "1774"]
[BlackElo "1774"]
[PlyCount "124"]
[EventDate "2001.??.??"]
[EventType "swiss"]
[EventRounds "6"]
[EventCountry "ITA"]
[SourceTitle "EXT 2005"]
[Source "ChessBase"]
[SourceDate "2004.11.15"]
[SourceVersion "1"]
[SourceVersionDate "2004.11.15"]
[SourceQuality "1"]

1. e4 d5 2. exd5 Qxd5 3. Nc3 Qa5 4. d4 c6 5. Nf3 Bg4 6. h3 Bh5 7. g4 Bg6 8. Ne5 Nf6 9. Nc4 Qc7 10. Bd3 Nbd7 11. Qf3 Bxd3 12. Qxd3 Nb6 13. Be3 Nfd5 14. Ne5 e6 15. Ne4 Nxe3 16. Qxe3 Nd5 17. Qd2 0-0-0 18. Ng5 f6 19. Nxe6 Qe7 20. Nxd8 Kxd8 21. 0-0-0 fxe5 22. dxe5 Kc8 23. c4 Nb6 24. Qd4 g6 25. f4 Bg7 26. Rhe1 Re8 27. a4 Qb4 28. f5 gxf5 29. gxf5 Qxc4+ 30. Qxc4 Nxc4 31. f6 Bh6+ 32. Kb1 Nxe5 33. f7 Re7 34. Rd6 Bg7 35. Rf6 Bf8 36. Rg1 Ng6 37. h4 Kd8 38. h5 Ne5 39. Rg8 Nd7 40. Rf5 Re1+ 41. Kc2 Ke7 42. Rh8 h6 43. Rg8 Re6 44. Rg3 Rf6 45. Re3+ Kxf7 46. Ra5 Rf2+ 47. Kc1 Bg7 48. Rb3 Bd4 49. Rxb7 Ke6 50. b4 Kd6 51. Ra6 Ne5 52. b5 Nd3+ 53. Kd1 Nb4 54. Raxa7 Bxa7 55. Rxa7 cxb5 56. axb5 Rf6 57. Ra4 Kc5 58. Ra7 Kxb5 59. Rg7 Kc5 60. Rg6 Nd5 61. Kd2 Kd6 62. Kd3 Nf4+ 0-1